NHL Goalies 2024/2025 - Statistics

General Stats
  • This quiz has been taken 63 times
  • The average score is 43 of 73
Answer Stats
Hint Answer % Correct
STL Jordan Binnington
94%
WPG Connor Hellebuyck
90%
BOS Jeremy Swayman
90%
DAL Jake Oettinger
87%
ANA John Gibson
87%
OTT Linus Ullmark
87%
FLA Sergei Bobrovsky
87%
NYR Igor Shesterkin
84%
NYI Ilya Sorokin
84%
NSH Juuse Saros
84%
MIN Marc-Andre Fleury
84%
MTL Samuel Montembeault
84%
TBL Andrei Vasilevski
81%
COL Mackenzie Blackwood
81%
EDM Stuart Skinner
81%
VGK Adin Hill
77%
VAN Thatcher Demko
77%
PIT Tristan Jarry
77%
NYR Jonathan Quick
74%
CBJ Elvis Merzlikins
71%
MIN Filip Gustavsson
71%
CAR Frederik Andersen
71%
NJD Jacob Markström
71%
TOR Joseph Woll
71%
SEA Philipp Grubauer
71%
BUF Ukko-Pekka Luukkonen
71%
EDM Calvin Pickard
68%
CGY Dustin Wolf
68%
WSH Logan Thompson
68%
COL Scott Wedgewood
68%
CHI Spencer Knight
68%
LAK Darcy Kuemper
65%
TOR Anthony Stolarz
61%
DAL Casey DeSmith
61%
WPG Eric Comrie
61%
ANA Lukas Dostal
61%
WSH Charlie Lindgren
58%
NJD Jake Allen
58%
BOS Joonas Korpisalo
58%
UTA Karel Vejmelka
58%
ANA Ville Husso
58%
DET Cameron Talbot
55%
SEA Joey Daccord
55%
DET Petr Mrazek
55%
CAR Pyotr Kochetkov
55%
PIT Alexander Nedeljkovic
52%
VAN Kevin Lankinen
52%
MTL Jakub Dobes
48%
NYI Semyon Varlamov
48%
SJS Alexandar Georgiev
45%
DET Alex Lyon
45%
VAN Arturs Silovs
45%
UTA Connor Ingram
45%
CGY Daniel Vladar
45%
FLA Vitek Vanecek
45%
LAK David Rittich
42%
VGK Ilya Samsonov
42%
BUF James Reimer
42%
TBL Jonas Johansson
39%
PHI Samuel Ersson
39%
SJS Yaroslav Askarov
39%
NSH Justus Annunen
35%
OTT Anton Forsberg
32%
CHI Arvid Söderblom
32%
CBJ Daniil Tarasov
32%
CBJ Jet Greaves
32%
STL Joel Hofer
32%
OTT Leevi Meriläinen
29%
MTL Cayden Primeau
23%
PHI Ivan Fedotov
19%
PIT Joel Blomqvist
16%
PHI Alexei Kolosov
13%
NYI Marcus Högberg
10%
No matching quizzes found
Score Distribution
Percent of People with Each Score
Percentile by Number Answered
Your Score History
You have not taken this quiz